Implementación de Hot Potatoes como estrategias didáctica para el fortalicimiento del proceso de enseñanza aprendizaje de los docentes del Liceo Fello Santos Distrito 16-07 / Siorky Esther Messón Manzueta, Yaritza Acosta Rondón ; asesor Néstor Rojas (Registro nro. 21538)

Detalles MARC
000 -LEADER
fixed length control field 01201nam a2200265Ia 4500
001 - CONTROL NUMBER
control field 20375
003 - CONTROL NUMBER IDENTIFIER
control field DO-CoUTE
005 - DATE AND TIME OF LATEST TRANSACTION
control field 20260204212633.0
008 - FIXED-LENGTH DATA ELEMENTS--GENERAL INFORMATION
fixed length control field 220104s9999 dr 000 0 spa d
040 ## - CATALOGING SOURCE
Original cataloging agency DO-CoUTE
Language of cataloging spa
Transcribing agency DO-CoUTE
041 0# - LANGUAGE CODE
Language code of text/sound track or separate title spa
082 ## - DEWEY DECIMAL CLASSIFICATION NUMBER
Classification number ESP-INF 2020 M37
100 1# - MAIN ENTRY--PERSONAL NAME
Personal name Messón Manzueta, Siorky Esther
Relator term sustentante
245 10 - TITLE STATEMENT
Title Implementación de Hot Potatoes como estrategias didáctica para el fortalicimiento del proceso de enseñanza aprendizaje de los docentes del Liceo Fello Santos Distrito 16-07 / Siorky Esther Messón Manzueta, Yaritza Acosta Rondón ; asesor Néstor Rojas
260 ## - PUBLICATION, DISTRIBUTION, ETC.
Place of publication, distribution, etc. Cotuí, República Dominicana :
Name of publisher, distributor, etc. UTECO,
Date of publication, distribution, etc. 2020
300 ## - PHYSICAL DESCRIPTION
Extent 54 hojas
500 ## - GENERAL NOTE
General note Tesis ( Especialidad en Informática con Orientación a la Enseñanza)--Universidad Tecnológica del Cibao Oriental, 2020.<br/>
504 ## - BIBLIOGRAPHY, ETC. NOTE
Bibliography, etc. note incluye referencia bibliográfica e índice<br/>
650 #4 - SUBJECT ADDED ENTRY--TOPICAL TERM
Topical term or geographic name entry element Implementación de Hot Potatoes como estrategias didáctica
700 1# - ADDED ENTRY--PERSONAL NAME
Personal name Rondón, Yaritza Acosta
Relator term sustentante
700 1# - ADDED ENTRY--PERSONAL NAME
Personal name Rojas, Néstor
Relator term asesor
830 ## - SERIES ADDED ENTRY--UNIFORM TITLE
Uniform title Tesis y disertaciones académicas (Universidad Tecnológica del Cibao Oriental)
942 ## - ADDED ENTRY ELEMENTS (KOHA)
Source of classification or shelving scheme Clasificación Local
Koha item type Libros
Existencias
Withdrawn status Lost status Source of classification or shelving scheme Damaged status Not for loan Collection code Home library Current library Shelving location Date acquired Inventory number Total Checkouts Full call number Barcode Date last seen Copy number Price effective from Koha item type
    Clasificación Local   Préstamo Interno Colección General Biblioteca UTECO Biblioteca UTECO En Estantería 01/02/2021 PGIOE-2020-001   ESP-INF 2020 M37 PGIOE-2020-001 03/30/2022 Ej.1 01/03/2021 Libros
© 2021 Derechos Reservados UTECO - Teléfono: +1 809-585-2291 - Correo electrónico: biblioteca@uteco.edu.do​  
Código postal 43000 ​​
Dirección: Avenida Universitaria No. 100, 
Cotuí, Provincia Sánchez Ramírez, República Dominicana - RNC: 404-00059-6